Responses for Show #3829 - Thursday, April 5, 2001

Ryan Moore game 2.

Contestants

[<< previous game]

Kirk Crumbley, an advertising creative director from Lubbock, Texas

Susan Buda, a marine scientist from Laurel, Maryland

Ryan Moore, a dot-com start-up partner from Venice, California (whose 1-day cash winnings total $9,800)

[next game >>]

Jeopardy! Round responses

VENEZUELA VITALS
BASEBALL HOME STADIUMS
(Alex: You have to identify the team.)
HUEY, DEWEY OR LOUIS
NIGHTS TO REMEMBER
FOOD & DRINK
WE GET LETTERS
    $100 12
(Ryan: Who is Balboa?)

Christopher Columbus

RyanKirk
    $100 11
the Baltimore Orioles

Ryan
    $100 21
Huey Long

Kirk
    $100 1
The Phantom of the Opera

Ryan
    $100 26
(Kirk: What are sardines?)

anchovies

SusanKirk
    $100 2
M

Kirk
    $200 14
stars

Kirk
    $200 13
the Minnesota Twins

Ryan
    $200 22
Louis Armstrong

Ryan
    $200 7
Charleston

Ryan
    $200 27
a Slurpee

Ryan
    $200 3
the A-Train

Susan
    $300 18
OPEC (the Organization of Petroleum Exporting Countries)

Ryan
    $300 15
the Arizona Diamondbacks

Kirk
    $300 23
Huey P. Newton

Kirk
    $300 8
rave parties

Kirk
    $300 28
Cobb salad

Susan
    $300 4
R

Triple Stumper
    $400 19
Angel Falls

Ryan
    $400 16
the Montreal Expos

Kirk
    $400 24
Admiral George Dewey

Triple Stumper
    $400 9
New Year's Eve 2000

Susan
    $400 29
Thailand

Ryan
    $400 5
N

Ryan
    $500 20
(Kirk: What is Lake Titicaca?)

Lake Maracaibo

Kirk
Triple Stumper
    $500 17
the Texas Rangers

Ryan
    $500 25
Huey Lewis

Ryan
    $500 10
Sicily

Kirk
    $500 30
pate de foie gras

Ryan
    $500 6
(Alex: Was that a guess?)
(Ryan: Yes.)

Z

Ryan

Scores at the first commercial break (after clue 14):

Ryan Susan Kirk
$1,400 $600 $1,200

Scores at the end of the Jeopardy! Round:

Ryan Susan Kirk
$4,400 $1,000 $1,700

Double Jeopardy! Round responses

GOVERNORS AT STATEHOOD
DAISY CRAZY
NAME THE POET
ALL GOD'S CREATURES
THE EXPERIENCE MUSIC PROJECT
(Alex: The interactive museum in Seattle.)
KEEP QUIET!
    $200 17
Massachusetts

Kirk
    $200 23
pushing up daisies

Ryan
    $200 8
Lewis Carroll

Ryan
    $200 1
Canada

Susan
    $200 6
James Brown

Susan
    $200 14
ears

Susan
    $400 21
Virginia

Ryan
    $400 24
a daisy wheel

Kirk
    $400 9
Henry Wadsworth Longfellow ("Song of Hiawatha")

Kirk
    $400 2
(Susan: What is a mole?)

gopher

Susan
Triple Stumper
    $400 7
Jimi Hendrix

Ryan
    $400 15
breath

Susan
    $600 22
New York

Ryan
    $600 26
a Daisy BB gun

Kirk
    $600 10
Edgar Allan Poe ("Annabel Lee")

Kirk
    $600 3
photosynthesis

Kirk
    $600 12
(Kirk: What is the SEC?)

the FBI

RyanKirk
    $600 16
Get Smart

Ryan
    $400 29
(Susan: What is Texas?)

California

Susan
    $800 27
Daisy Mae

Susan
    $700 11
(Kirk: Who was Shelley?)

Walt Whitman

Kirk
    $800 4
Harlequin

Triple Stumper
    $800 18
Heart

Kirk
    $800 20
brevity

Ryan
    $1000 30
South Carolina

Ryan
    $1000 28
Daisy Miller

Triple Stumper
    $1000 13
Alfred Lord Tennyson

Ryan
    $1000 5
monotremes

Triple Stumper
    $1000 19
(Susan: What are turntables?)

Grandmaster Flash

Susan
Triple Stumper
    $1000 25
Henry David Thoreau

Kirk

Scores at the end of the Double Jeopardy! Round:

Ryan Susan Kirk
$10,200 $1,000 $5,000
(lock game)

[wagering suggestions for these scores]

Final Jeopardy! Round responses

DOCUMENTARIES
(Alex: Roger Smith of GM, filmed in Flint, produced by Michael Moore.)
SusanWhat is Roger & Me?
$400
KirkWhat is "Roger and Me"?
$4,000
RyanWhat is "Roger and Me"?
$200
Roger and Me

Final scores:

Ryan Susan Kirk
$10,400 $1,400 $9,000
2-day champion: $20,200 3rd place: Naturalworlds.com Gift Certificate 2nd place: Windjammer Caribbean Cruise

Game dynamics:

Coryat scores:

Ryan Susan Kirk
$10,200 $1,400 $5,700
24 R
(including 1 DD),
1 W
9 R,
3 W
(including 1 DD)
17 R,
4 W
(including 1 DD)

Combined Coryat: $17,300

[game clues] [game scores] [suggest correction]

Game tape date: 2000-12-13
The J! Archive is created by fans, for fans. Scraping, republication, monetization, and malicious use prohibited; this site may use cookies and collect identifying information. See terms. The Jeopardy! game show and all elements thereof, including but not limited to copyright and trademark thereto, are the property of Jeopardy Productions, Inc. and are protected under law. This website is not affiliated with, sponsored by, or operated by Jeopardy Productions, Inc. Join the discussion at JBoard.tv.